000 00387nam a2200133Ia 4500
003 GCL
008 140319s9999 xx 000 0 ara d
040 _aGCL /
_cGCL
082 0 4 _a658.85
_bع ت
245 1 0 _aتنمية مهارات البيع: الاساليب العلمية الحديثة
260 _a[S.N] :
_bمكتبة الانجلوالمصرية
300 _a312 ص
490 _a
999 _c33284
_d33284